| 000 | 00642nam a2200217Ia 4500 | ||
|---|---|---|---|
| 005 | 20250923145422.0 | ||
| 008 | 008 250917s9999 xx 000 0 eng d | ||
| 037 | _aTextual | ||
| 040 |
_aDSWL _beng _cDSWL |
||
| 041 |
_aeng _2eng |
||
| 084 |
_aX:77.1(Y:434), N73 _qDSWL |
||
| 100 |
_aMelady, T.P. _9835098 |
||
| 245 | 0 |
_aDevelopment : Lessons for the future _c by T.P. Suhartono Melady |
|
| 260 |
_aNew York _b Orbis Books _c1973 |
||
| 300 | _aviii,235 p. | ||
| 365 |
_aUSD _b6 . 95 |
||
| 700 |
_a R.B. Suhartono _9835099 |
||
| 925 | _g6 . 95 | ||
| 942 |
_cTEXL _hX:77.1(Y:434), N73 |
||
| 999 |
_c1451115 _d1451115 |
||